[Event "Qatar Masters Open 2015"]
[Site "Doha QAT"]
[Date "2015.12.20"]
[Round "1.41"]
[White "Naroditsky, Daniel"]
[Black "Siva, Mahadevan"]
[Result "1-0"]
[WhiteElo "2628"]
[BlackElo "2400"]
[PlyCount "107"]
[EventDate "2015.12.20"]
[EventType "swiss"]
[EventRounds "9"]
[EventCountry "QAT"]
[Source "lmi"]
[SourceDate "2015.12.20"]

1. d4 d5 2. c4 c6 3. Nf3 Nf6 4. g3 Bg4 5. Ne5 Be6 6. cxd5 Bxd5 7. f3 g6 8. Bh3
Nfd7 9. e4 Nxe5 10. dxe5 Bc4 11. Qxd8+ Kxd8 12. Na3 Ba6 13. e6 fxe6 14. Bf4 Nd7
15. Bxe6 Ke8 16. Rd1 Nf6 17. Be5 Bg7 18. Bc3 Rf8 19. g4 Rd8 20. h4 Bh8 21. h5
g5 22. h6 Nd7 23. Bg7 Nc5 24. Rxd8+ Kxd8 25. Bxf8 Nxe6 26. Bg7 Nxg7 27. hxg7
Bxg7 28. b3 h6 29. Nc2 b6 30. Ne3 e6 31. Kd2 Ke7 32. a4 Kd6 33. Rc1 c5 34. Nc4+
Bxc4 35. Rxc4 a5 36. Rc1 Kc6 37. Kd3 Be5 38. Kc4 Bf6 39. Rh1 Bg7 40. Rh2 e5 41.
Rd2 Bf6 42. Rd5 Kc7 43. Kb5 Bg7 44. Rd1 Bf6 45. Rd5 Bg7 46. Ka6 Bf6 47. b4 axb4
48. a5 bxa5 49. Rxc5+ Kd6 50. Rd5+ Ke6 51. Kxa5 Be7 52. Rb5 Bd6 53. Rxb4 Bc5
54. Rb6+ 1-0

[Event "Qatar Masters Open 2015"]
[Site "Doha QAT"]
[Date "2015.12.20"]
[Round "1.42"]
[White "Saiyn, Zhanat"]
[Black "Lenderman, Aleksandr"]
[Result "1/2-1/2"]
[WhiteElo "2394"]
[BlackElo "2626"]
[PlyCount "85"]
[EventDate "2015.12.20"]
[EventType "swiss"]
[EventRounds "9"]
[EventCountry "QAT"]
[Source "lmi"]
[SourceDate "2015.12.20"]

1. d4 Nf6 2. c4 e6 3. Nc3 d5 4. cxd5 exd5 5. Bg5 c6 6. Qc2 Be6 7. e3 Nbd7 8.
Bd3 h6 9. Bh4 g5 10. Bg3 Nh5 11. Nf3 Nxg3 12. hxg3 Bg7 13. Bf5 Qf6 14. g4 Bxf5
15. gxf5 g4 16. Ng1 Nb6 17. Nge2 h5 18. g3 h4 19. gxh4 Rxh4 20. O-O-O O-O-O 21.
Rxh4 Qxh4 22. Ng3 Qg5 23. Kb1 Kb8 24. Rh1 Rh8 25. Rxh8+ Bxh8 26. Qd1 Nc4 27.
Qh1 Bf6 28. Nxd5 cxd5 29. Qxd5 Nb6 30. Qd6+ Ka8 31. Qf8+ Bd8 32. Qxf7 a6 33. a3
Ka7 34. Ka2 Qh4 35. Qe6 Qh2 36. Ne4 Qg2 37. f6 g3 38. Nxg3 Qxf2 39. f7 Na4 40.
Qb3 Nb6 41. Qe6 Na4 42. Qb3 Nb6 43. Qe6 1/2-1/2

[Event "Qatar Masters Open 2015"]
[Site "Doha QAT"]
[Date "2015.12.20"]
[Round "1.43"]
[White "Salem, A.R. Saleh"]
[Black "Abhishek, Kelkar"]
[Result "1-0"]
[WhiteElo "2622"]
[BlackElo "2393"]
[PlyCount "73"]
[EventDate "2015.12.20"]
[EventType "swiss"]
[EventRounds "9"]
[EventCountry "QAT"]
[Source "lmi"]
[SourceDate "2015.12.20"]

1. e4 e5 2. Nf3 Nc6 3. Bb5 a6 4. Ba4 Nf6 5. O-O Be7 6. Re1 b5 7. Bb3 d6 8. c3
O-O 9. h3 Bb7 10. d4 Nd7 11. Nbd2 exd4 12. cxd4 Na5 13. Bc2 c5 14. d5 Bf6 15.
Rb1 Re8 16. b3 Ne5 17. Nxe5 Bxe5 18. Nf3 Bc3 19. Re3 Bf6 20. Bd2 Bc8 21. Qe2
Ra7 22. Qe1 b4 23. Bd3 Rae7 24. a3 Nb7 25. axb4 Bd4 26. Nxd4 cxd4 27. Re2 Qb6
28. Ra1 Nd8 29. Qc1 Bb7 30. b5 Bxd5 31. Ba5 Qb8 32. exd5 Rxe2 33. Bxe2 Rxe2 34.
bxa6 d3 35. Qc7 Qxc7 36. Bxc7 Rc2 37. a7 1-0

[Event "Qatar Masters Open 2015"]
[Site "Doha QAT"]
[Date "2015.12.20"]
[Round "1.44"]
[White "Abdumalik, Zhansaya"]
[Black "Bartel, Mateusz"]
[Result "1/2-1/2"]
[WhiteElo "2390"]
[BlackElo "2620"]
[PlyCount "90"]
[EventDate "2015.12.20"]
[EventType "swiss"]
[EventRounds "9"]
[EventCountry "QAT"]
[Source "lmi"]
[SourceDate "2015.12.20"]

1. e4 e6 2. d4 d5 3. Nc3 Bb4 4. e5 Ne7 5. a3 Bxc3+ 6. bxc3 b6 7. h4 Ba6 8. Bxa6
Nxa6 9. h5 h6 10. Qg4 Rg8 11. a4 Nb8 12. Ne2 Nbc6 13. Rh3 Qd7 14. Rf3 Na5 15.
Kf1 Nc4 16. Rf4 Nc6 17. Qf3 Qe7 18. Kg1 a5 19. Ng3 Rf8 20. Nf1 f6 21. exf6 Rxf6
22. Rxf6 Qxf6 23. Qxf6 gxf6 24. Bxh6 Kf7 25. Ng3 b5 26. Bf4 e5 27. dxe5 fxe5
28. Bc1 b4 29. cxb4 axb4 30. Ne2 d4 31. f3 Ne7 32. f4 c5 33. fxe5 Nc6 34. e6+
Kxe6 35. Nf4+ Kf5 36. Nd3 Ra5 37. Bf4 Ne3 38. Bxe3 dxe3 39. Re1 c4 40. Nb2 Ne5
41. Nd1 Ng4 42. Nxe3+ Nxe3 43. Rxe3 Rxa4 44. h6 Ra7 45. Rh3 Kg6 1/2-1/2

[Event "Qatar Masters Open 2015"]
[Site "Doha QAT"]
[Date "2015.12.20"]
[Round "1.45"]
[White "Ipatov, Alexander"]
[Black "Li, Di"]
[Result "1-0"]
[WhiteElo "2619"]
[BlackElo "2389"]
[PlyCount "127"]
[EventDate "2015.12.20"]
[EventType "swiss"]
[EventRounds "9"]
[EventCountry "QAT"]
[Source "lmi"]
[SourceDate "2015.12.20"]

1. d4 Nf6 2. c4 g6 3. g3 c6 4. Bg2 d5 5. e3 Bg7 6. Ne2 O-O 7. O-O b6 8. b3 a5
9. Nd2 Ba6 10. e4 dxe4 11. Nxe4 Nxe4 12. Bxe4 b5 13. Qc2 Nd7 14. Be3 Nb6 15.
Bd3 a4 16. Rab1 Rc8 17. Rfd1 Re8 18. h4 Qd7 19. Nf4 axb3 20. axb3 Bb7 21. Qe2
bxc4 22. bxc4 Na4 23. Qc2 c5 24. Rxb7 Qxb7 25. Qxa4 cxd4 26. Bd2 e5 27. Nd5 e4
28. Rb1 Qa8 29. Bc2 d3 30. Bd1 Bd4 31. Be3 Bxe3 32. Qxa8 Rxa8 33. Nf6+ Kf8 34.
Nxe8 Bd4 35. Nd6 f5 36. Bb3 Ke7 37. Nb5 Bc5 38. Kg2 Kf6 39. Nc3 Ke5 40. Na4 Rc8
41. Bd1 f4 42. Rb5 f3+ 43. Kf1 Kd4 44. Rxc5 Rxc5 45. Nxc5 Kxc5 46. Ke1 Kxc4 47.
Kd2 Kd4 48. Bb3 e3+ 49. fxe3+ Ke4 50. Ba4 f2 51. Bc6+ Kf5 52. Bg2 Kg4 53. Kxd3
Kxg3 54. Bf1 Kxh4 55. e4 Kg5 56. Kd4 Kf6 57. e5+ Ke7 58. Bc4 h5 59. Ke3 g5 60.
Kxf2 Kd7 61. Bd5 Ke7 62. Kf3 Kd7 63. Bf7 h4 64. Bd5 1-0

[Event "Qatar Masters Open 2015"]
[Site "Doha QAT"]
[Date "2015.12.20"]
[Round "1.46"]
[White "Slavin, Alexey"]
[Black "Zhang, Zhong"]
[Result "0-1"]
[WhiteElo "2388"]
[BlackElo "2619"]
[PlyCount "53"]
[EventDate "2015.12.20"]
[EventType "swiss"]
[EventRounds "9"]
[EventCountry "QAT"]
[Source "lmi"]
[SourceDate "2015.12.20"]

1. d4 Nf6 2. c4 e6 3. Nc3 Bb4 4. Qc2 O-O 5. a3 Bxc3+ 6. Qxc3 d6 7. Nf3 Nbd7 8.
g3 b6 9. Bg2 Bb7 10. O-O c5 11. b4 Rc8 12. dxc5 bxc5 13. Bb2 cxb4 14. axb4 Bd5
15. c5 Rc7 16. Ra5 Qb8 17. Qa3 dxc5 18. bxc5 Rfc8 19. Bd4 Ne4 20. Rc1 Nd6 21.
Qd3 Be4 22. Qe3 Qb7 23. g4 f6 24. Qa3 Bd5 25. c6 Rxc6 26. Rxc6 Qxc6 27. Ra6 0-1

[Event "Qatar Masters Open 2015"]
[Site "Doha QAT"]
[Date "2015.12.20"]
[Round "1.47"]
[White "Lu, Shanglei"]
[Black "Christiansen, Johan-Sebastian"]
[Result "1/2-1/2"]
[WhiteElo "2618"]
[BlackElo "2385"]
[PlyCount "100"]
[EventDate "2015.12.20"]
[EventType "swiss"]
[EventRounds "9"]
[EventCountry "QAT"]
[Source "lmi"]
[SourceDate "2015.12.20"]

1. e4 e6 2. d4 d5 3. Nd2 c5 4. Ngf3 cxd4 5. exd5 Qxd5 6. Bc4 Qd6 7. O-O Nf6 8.
Nb3 Nc6 9. Nbxd4 Nxd4 10. Nxd4 Be7 11. c3 O-O 12. Qf3 Qc7 13. Bb3 a5 14. Re1 a4
15. Bc2 Ra5 16. Bf4 e5 17. Bg3 Bd6 18. Nf5 Bxf5 19. Qxf5 Qb6 20. b4 axb3 21.
axb3 Rc5 22. Qd3 Rc6 23. c4 e4 24. Qe2 Re8 25. Bxd6 Rxd6 26. Qe3 Qb4 27. Ra4
Qd2 28. c5 Qxe3 29. fxe3 Rd2 30. Rc4 Kf8 31. Rd1 Rxd1+ 32. Bxd1 Ra8 33. Rd4 Ra5
34. b4 Ra3 35. Kf2 Ra2+ 36. Kg3 Ra3 37. Kf4 Ke7 38. g4 g5+ 39. Kxg5 Rxe3 40.
Kf4 Rd3 41. Ke5 h6 42. Rxd3 exd3 43. Kd4 d2 44. Bf3 Nd7 45. h4 f6 46. Kc3 Ne5
47. Be2 Nc6 48. Kxd2 Nxb4 49. Ke3 b6 50. Kd4 bxc5+ 1/2-1/2

[Event "Qatar Masters Open 2015"]
[Site "Doha QAT"]
[Date "2015.12.20"]
[Round "1.48"]
[White "Khademalsharieh, Sarasadat"]
[Black "Hamdouchi, Hicham"]
[Result "1/2-1/2"]
[WhiteElo "2380"]
[BlackElo "2597"]
[PlyCount "139"]
[EventDate "2015.12.20"]
[EventType "swiss"]
[EventRounds "9"]
[EventCountry "QAT"]
[Source "lmi"]
[SourceDate "2015.12.20"]

1. d4 d5 2. c4 c6 3. cxd5 cxd5 4. Bf4 Nc6 5. e3 Nf6 6. Nc3 Bg4 7. Qb3 Na5 8.
Qa4+ Bd7 9. Qc2 Rc8 10. Bd3 g6 11. Nf3 Bg7 12. Qe2 O-O 13. O-O Bg4 14. h3 Bxf3
15. Qxf3 Nc4 16. Qe2 e6 17. Rac1 a6 18. b3 Nb6 19. Rc2 Qe7 20. Rfc1 Nfd7 21.
Qd2 Qb4 22. Nb1 Qxd2 23. Nxd2 e5 24. dxe5 Bxe5 25. Bxe5 Nxe5 26. Be2 Rxc2 27.
Rxc2 Nc6 28. a3 Rc8 29. Nf3 Kf8 30. Kf1 Ke7 31. Ke1 Kd6 32. h4 f6 33. Kd2 a5
34. Nd4 Nxd4 35. exd4 Rxc2+ 36. Kxc2 Nd7 37. Bd3 f5 38. Kd2 Nf8 39. Ke3 Ne6 40.
g3 Ng7 41. Kf4 Ne6+ 42. Ke3 Ng7 43. Kf4 Ke6 44. Bb5 h6 45. Ke3 g5 46. hxg5 hxg5
47. Be2 Ke7 48. Bf3 Kd6 49. Be2 Ne6 50. a4 Nd8 51. g4 f4+ 52. Kd3 Nc6 53. Kc3
Ne7 54. Bd3 Ng8 55. f3 Ne7 56. Kd2 Kc6 57. Kc3 Nc8 58. Bb5+ Kc7 59. Bd3 Na7 60.
Be2 Kc6 61. Kb2 b6 62. Bf1 Kc7 63. Bb5 Nc8 64. Kc3 Nd6 65. Kd3 Nf7 66. Kd2 Kd6
67. Kc3 Nd8 68. Kd2 Ne6 69. Kc3 Nf8 70. Bd3 1/2-1/2

[Event "Qatar Masters Open 2015"]
[Site "Doha QAT"]
[Date "2015.12.20"]
[Round "1.49"]
[White "Vocaturo, Daniele"]
[Black "Karavade, Eesha"]
[Result "1/2-1/2"]
[WhiteElo "2597"]
[BlackElo "2379"]
[PlyCount "117"]
[EventDate "2015.12.20"]
[EventType "swiss"]
[EventRounds "9"]
[EventCountry "QAT"]
[Source "lmi"]
[SourceDate "2015.12.20"]

1. e4 e6 2. d4 d5 3. Nc3 Bb4 4. Nge2 dxe4 5. a3 Be7 6. Nxe4 Nf6 7. N2c3 O-O 8.
g3 Nbd7 9. Bg2 Rb8 10. Bf4 Nxe4 11. Nxe4 b6 12. Nc3 Ba6 13. Bc6 Bd6 14. Qd2 Bb7
15. Bxb7 Rxb7 16. O-O-O Bxf4 17. Qxf4 Nf6 18. Qf3 Nd5 19. Ne4 c6 20. Rd3 Rd7
21. Rhd1 Qc7 22. Nd2 Ne7 23. Nc4 Rd5 24. Ne3 Rd7 25. Nc4 Rd5 26. Ne3 Rd7 27.
Qe4 Rfd8 28. f4 h6 29. Nc4 Rd5 30. Ne5 c5 31. dxc5 Qxc5 32. Qe2 Rxd3 33. Rxd3
Rxd3 34. Qxd3 Qg1+ 35. Qd1 Qxd1+ 36. Kxd1 f6 37. Nf3 Kf7 38. Kd2 Nc6 39. b4 Ke7
40. Kd3 Kd7 41. c3 a6 42. Nd2 Ne7 43. Nb3 Nc6 44. Nd2 Ne7 45. c4 Nc6 46. Ne4 f5
47. Nc3 Kc7 48. Ne2 e5 49. Nc3 e4+ 50. Ke3 Kd6 51. Na4 Kc7 52. Nc3 Kd6 53. Na4
Kc7 54. c5 b5 55. Nc3 Kd7 56. g4 g6 57. gxf5 gxf5 58. Nd5 Ne7 59. Nxe7 1/2-1/2

[Event "Qatar Masters Open 2015"]
[Site "Doha QAT"]
[Date "2015.12.20"]
[Round "1.50"]
[White "Konguvel, Ponnuswamy"]
[Black "Bok, Benjamin"]
[Result "0-1"]
[WhiteElo "2377"]
[BlackElo "2594"]
[PlyCount "92"]
[EventDate "2015.12.20"]
[EventType "swiss"]
[EventRounds "9"]
[EventCountry "QAT"]
[Source "lmi"]
[SourceDate "2015.12.20"]

1. e4 e5 2. Nf3 Nc6 3. Bb5 a6 4. Ba4 Nf6 5. O-O Be7 6. Re1 b5 7. Bb3 d6 8. c3
O-O 9. h3 Bb7 10. d4 Nd7 11. Nbd2 exd4 12. cxd4 Re8 13. Nf1 Na5 14. Bc2 Bf6 15.
Rb1 c5 16. d5 Nc4 17. b3 Nce5 18. N3h2 Nb6 19. Ng3 g6 20. Bd2 a5 21. f4 Ned7
22. Ng4 Bg7 23. f5 Ne5 24. Rf1 Qh4 25. Be1 Nxg4 26. Qxg4 Qxg4 27. hxg4 b4 28.
Bd2 Bd4+ 29. Kh2 Ba6 30. Rfe1 Be5 31. Be3 Bb5 32. Rbd1 a4 33. Bd3 Bxd3 34. Rxd3
axb3 35. axb3 Ra3 36. Bc1 c4 37. Bxa3 bxa3 38. bxc4 Ra8 39. c5 dxc5 40. d6 c4
41. Rdd1 a2 42. Ra1 Nd7 43. Kh1 Nc5 44. d7 Nxd7 45. Nf1 Bxa1 46. Rxa1 Nc5 0-1

[Event "Qatar Masters Open 2015"]
[Site "Doha QAT"]
[Date "2015.12.20"]
[Round "1.51"]
[White "Bluebaum, Matthias"]
[Black "Li, Ruofan"]
[Result "1-0"]
[WhiteElo "2590"]
[BlackElo "2372"]
[PlyCount "95"]
[EventDate "2015.12.20"]
[EventType "swiss"]
[EventRounds "9"]
[EventCountry "QAT"]
[Source "lmi"]
[SourceDate "2015.12.20"]

1. d4 Nf6 2. c4 e6 3. Nf3 b6 4. a3 Bb7 5. Nc3 d5 6. cxd5 Nxd5 7. e3 Be7 8. Bb5+
c6 9. Bd3 O-O 10. Qc2 h6 11. e4 Nxc3 12. bxc3 c5 13. Qe2 Nc6 14. Bb2 Rc8 15.
O-O cxd4 16. cxd4 Na5 17. Rad1 Bf6 18. Bb1 Nc4 19. Bc1 Be7 20. d5 e5 21. Bd3
Qc7 22. d6 Nxd6 23. Nxe5 Rfe8 24. Bf4 Bg5 25. Bg3 Qc5 26. Nd7 Qc6 27. Bxd6 Qxd6
28. e5 Qxa3 29. f4 Be7 30. Kh1 Bd5 31. Ba6 Bb3 32. Ra1 Qb4 33. Bxc8 Rxc8 34.
Rab1 Qa4 35. Nf6+ Kh8 36. Qg4 Rd8 37. Ra1 Qb5 38. Nh5 Bf8 39. Rfe1 Qb4 40. Qg3
a5 41. f5 Bc2 42. f6 gxf6 43. Qf2 Rd2 44. Qxf6+ Kg8 45. e6 fxe6 46. Qxe6+ Kh8
47. Qf6+ Kg8 48. Re8 1-0

[Event "Qatar Masters Open 2015"]
[Site "Doha QAT"]
[Date "2015.12.20"]
[Round "1.52"]
[White "Firouzja, Alireza"]
[Black "Tregubov, Pavel V"]
[Result "1-0"]
[WhiteElo "2372"]
[BlackElo "2589"]
[PlyCount "83"]
[EventDate "2015.12.20"]
[EventType "swiss"]
[EventRounds "9"]
[EventCountry "QAT"]
[Source "lmi"]
[SourceDate "2015.12.20"]

1. Nf3 d5 2. g3 Nf6 3. Bg2 Bf5 4. c4 e6 5. cxd5 exd5 6. d3 Bb4+ 7. Nc3 Nc6 8.
O-O O-O 9. Bg5 d4 10. Bxf6 Qxf6 11. Nd5 Qd6 12. Nxb4 Qxb4 13. Nd2 Ne5 14. Rc1
Rac8 15. a3 Qb6 16. b4 Rfe8 17. Rc5 Bg4 18. Rxe5 Rxe5 19. Nc4 Qf6 20. Nxe5 Qxe5
21. Bxb7 Rb8 22. Bf3 Bh3 23. Re1 a5 24. Qd2 axb4 25. axb4 Qb5 26. Bg2 Be6 27.
Rc1 Qxb4 28. Qxb4 Rxb4 29. f4 h6 30. Rxc7 g5 31. Rc5 gxf4 32. gxf4 Kg7 33. Kf2
Rb2 34. f5 Bd7 35. Rd5 Bc8 36. Bh3 Kf6 37. Rxd4 Ke5 38. Rh4 Ba6 39. d4+ Kd5 40.
Bg2+ Kc4 41. Rxh6 Bb5 42. Rd6 1-0

[Event "Qatar Masters Open 2015"]
[Site "Doha QAT"]
[Date "2015.12.20"]
[Round "1.53"]
[White "Esen, Baris"]
[Black "Roy, Prantik"]
[Result "1/2-1/2"]
[WhiteElo "2562"]
[BlackElo "2370"]
[PlyCount "90"]
[EventDate "2015.12.20"]
[EventType "swiss"]
[EventRounds "9"]
[EventCountry "QAT"]
[Source "lmi"]
[SourceDate "2015.12.20"]

1. d4 Nf6 2. c4 e6 3. Nf3 Bb4+ 4. Nbd2 O-O 5. a3 Be7 6. b4 d5 7. e3 b6 8. Bb2
a5 9. b5 c6 10. bxc6 Nxc6 11. Rc1 Ba6 12. Qa4 Rc8 13. Be2 dxc4 14. Bxc4 Bxc4
15. Nxc4 Na7 16. Nce5 Rxc1+ 17. Bxc1 b5 18. Qc2 Qc8 19. Qb2 b4 20. O-O Ne4 21.
axb4 Bxb4 22. Bd2 Nxd2 23. Nxd2 Qa6 24. Ne4 Rc8 25. Qa2 f6 26. Nd7 Qc4 27. Qa1
Qc6 28. Ndc5 f5 29. Ng5 Bxc5 30. dxc5 h6 31. Qxa5 hxg5 32. Qxa7 Qxc5 33. Qd7
Qc6 34. Qe7 g4 35. g3 Qd5 36. Re1 Qe4 37. Qd6 Rc2 38. Qd7 Kh7 39. Qe8 Qc6 40.
Qh5+ Kg8 41. h3 Rxf2 42. Kxf2 Qf3+ 43. Kg1 Qxg3+ 44. Kf1 Qf3+ 45. Kg1 Qg3+
1/2-1/2

[Event "Qatar Masters Open 2015"]
[Site "Doha QAT"]
[Date "2015.12.20"]
[Round "1.54"]
[White "Guramishvili, Sopiko"]
[Black "Rambaldi, Francesco"]
[Result "0-1"]
[WhiteElo "2368"]
[BlackElo "2560"]
[PlyCount "78"]
[EventDate "2015.12.20"]
[EventType "swiss"]
[EventRounds "9"]
[EventCountry "QAT"]
[Source "lmi"]
[SourceDate "2015.12.20"]

1. c4 c5 2. Nc3 Nc6 3. g3 g6 4. Bg2 Bg7 5. e3 Bxc3 6. dxc3 d6 7. Ne2 f5 8. e4
fxe4 9. Bxe4 Nf6 10. Bg2 Be6 11. b3 h6 12. Nf4 Bf5 13. h3 Qd7 14. Nd5 g5 15. a4
O-O-O 16. a5 Nxd5 17. Qxd5 e6 18. Qd1 e5 19. a6 b6 20. Bd5 Be6 21. Be3 Bxd5 22.
Qxd5 Kc7 23. Rd1 Qc8 24. Ra1 Ne7 25. Qf7 Rd7 26. O-O Rf8 27. Qe6 Nc6 28. Rfd1
Rdd8 29. Qxh6 Rh8 30. Qg7+ Rd7 31. Qxg5 Rxh3 32. Kg2 Qh8 33. Rh1 Rdh7 34. Qf5
Rh2+ 35. Kf3 Ne7 36. Qe4 d5 37. cxd5 Rxh1 38. Rxh1 Rxh1 39. Bf4 Kd6 0-1

[Event "Qatar Masters Open 2015"]
[Site "Doha QAT"]
[Date "2015.12.20"]
[Round "1.57"]
[White "Lin, Chen"]
[Black "Dai, Changren"]
[Result "1-0"]
[WhiteElo "2532"]
[BlackElo "2328"]
[PlyCount "79"]
[EventDate "2015.12.20"]
[EventType "swiss"]
[EventRounds "9"]
[EventCountry "QAT"]
[Source "lmi"]
[SourceDate "2015.12.20"]

1. e4 c5 2. Nf3 Nc6 3. d4 cxd4 4. Nxd4 Nf6 5. Nc3 d6 6. f3 e5 7. Nb3 Be7 8. Be3
O-O 9. Qd2 a5 10. Bb5 Na7 11. Be2 Be6 12. Rd1 Nc8 13. Nd5 Bxd5 14. exd5 a4 15.
Na1 Nb6 16. c4 Qc7 17. Rc1 Nh5 18. O-O Nf4 19. Rfd1 Nxe2+ 20. Qxe2 Rfc8 21. Rc3
a3 22. b3 Bf6 23. Rcc1 Nd7 24. Nc2 Re8 25. Re1 e4 26. fxe4 Rxe4 27. Qf3 Rae8
28. Bf2 Rxe1+ 29. Rxe1 Rxe1+ 30. Nxe1 Qa5 31. Qe3 g6 32. Nc2 Kg7 33. Qe1 Qa6
34. h3 Bb2 35. Qe7 Ne5 36. Nd4 Kg8 37. Qd8+ Kg7 38. Nb5 Nxc4 39. Nc7 Qa5 40.
bxc4 1-0

[Event "Qatar Masters Open 2015"]
[Site "Doha QAT"]
[Date "2015.12.20"]
[Round "1.58"]
[White "Raja, Harshit"]
[Black "Svane, Rasmus"]
[Result "1-0"]
[WhiteElo "2325"]
[BlackElo "2529"]
[PlyCount "113"]
[EventDate "2015.12.20"]
[EventType "swiss"]
[EventRounds "9"]
[EventCountry "QAT"]
[Source "lmi"]
[SourceDate "2015.12.20"]

1. e4 c6 2. d4 d5 3. exd5 cxd5 4. c4 Nf6 5. Nc3 Nc6 6. Nf3 e6 7. cxd5 Nxd5 8.
Bd3 Be7 9. O-O O-O 10. a3 Nxc3 11. bxc3 b6 12. Qc2 g6 13. Bh6 Re8 14. Be4 Bb7
15. Rad1 Bf6 16. d5 exd5 17. Bxd5 Qc7 18. Ng5 Ne5 19. h3 Bxd5 20. Rxd5 Rad8 21.
Ne4 Bg7 22. Rxd8 Rxd8 23. Bg5 Rd5 24. Nf6+ Bxf6 25. Bxf6 Nd7 26. Bh4 Qc4 27.
Bg3 Kg7 28. Re1 Qd3 29. Qb2 Qd2 30. Qa1 Rd3 31. c4+ Qc3 32. Qxc3+ Rxc3 33. Rd1
Rxg3 34. fxg3 Ne5 35. c5 bxc5 36. Rd5 Nc4 37. Rxc5 Nxa3 38. Ra5 Nc4 39. Rxa7 h5
40. Kf2 Kf6 41. Kf3 Kg5 42. Rc7 Ne5+ 43. Ke4 Kf6 44. Ra7 Nc4 45. Ra6+ Kg5 46.
Kd3 Ne5+ 47. Kd4 Kf5 48. Ra5 f6 49. Kd5 Nf7 50. Ra1 g5 51. Rf1+ Kg6 52. Ke6
Nd8+ 53. Kd7 Nf7 54. Ke7 f5 55. Rxf5 Nh6 56. Rf6+ Kg7 57. Rxh6 1-0

[Event "Qatar Masters Open 2015"]
[Site "Doha QAT"]
[Date "2015.12.20"]
[Round "1.59"]
[White "Xu, Jun"]
[Black "Pourkashiyan, Atousa"]
[Result "1/2-1/2"]
[WhiteElo "2526"]
[BlackElo "2322"]
[PlyCount "52"]
[EventDate "2015.12.20"]
[EventType "swiss"]
[EventRounds "9"]
[EventCountry "QAT"]
[Source "lmi"]
[SourceDate "2015.12.20"]

1. c4 e6 2. g3 d5 3. Bg2 Nf6 4. Nf3 Be7 5. O-O O-O 6. b3 c5 7. Bb2 Nc6 8. e3 b6
9. Qe2 Ba6 10. Nc3 Rc8 11. d3 Qd7 12. Rfd1 Rfd8 13. Nb5 Bxb5 14. cxb5 Na5 15.
d4 c4 16. Ne5 Qxb5 17. Bc3 Nd7 18. Nf3 Nb7 19. e4 dxe4 20. Nd2 Nf6 21. bxc4 Qa6
22. a4 Nd6 23. Bf1 Qb7 24. Bg2 Qa6 25. Bf1 Qb7 26. Bg2 Qa6 1/2-1/2

[Event "Qatar Masters Open 2015"]
[Site "Doha QAT"]
[Date "2015.12.20"]
[Round "1.60"]
[White "Pham, Le Thao Nguyen"]
[Black "Bromberger, Stefan"]
[Result "1/2-1/2"]
[WhiteElo "2319"]
[BlackElo "2521"]
[PlyCount "105"]
[EventDate "2015.12.20"]
[EventType "swiss"]
[EventRounds "9"]
[EventCountry "QAT"]
[Source "lmi"]
[SourceDate "2015.12.20"]

1. e4 c5 2. Nf3 e6 3. c3 Nf6 4. e5 Nd5 5. d4 cxd4 6. cxd4 d6 7. Bc4 Nc6 8. O-O
Be7 9. Bd2 O-O 10. Nc3 Nb6 11. Bb3 dxe5 12. dxe5 Na5 13. Bc2 Nbc4 14. Be4 Nxd2
15. Nxd2 Bd7 16. Nb3 Nc6 17. f4 Qb6+ 18. Kh1 Rfd8 19. Qh5 g6 20. Qh3 Be8 21.
Rae1 Nd4 22. Nxd4 Rxd4 23. Re2 Rad8 24. Qe3 Qa6 25. h3 b5 26. a3 b4 27. axb4
Rxb4 28. Rc1 Rdb8 29. Qf2 Kg7 30. Kh2 h5 31. h4 Qb6 32. Qe1 Qd8 33. Rd1 Rd4 34.
Rxd4 Qxd4 35. g3 Rd8 36. Qf2 Qd7 37. Qg2 Bc5 38. g4 Qe7 39. Qg3 hxg4 40. Qxg4
Bd7 41. Kg3 Rh8 42. Bf3 Bb6 43. Qg5 Qc5 44. Qf6+ Kg8 45. Ne4 Qg1+ 46. Bg2 Rh5
47. Qe7 Bb5 48. Nd6 Bxe2 49. Qxf7+ Kh8 50. Qf8+ Kh7 51. Qe7+ Kh8 52. Qf8+ Kh7
53. Qf7+ 1/2-1/2

[Event "Qatar Masters Open 2015"]
[Site "Doha QAT"]
[Date "2015.12.20"]
[Round "1.62"]
[White "Vaishali, R."]
[Black "Al-Sayed, Mohammed"]
[Result "0-1"]
[WhiteElo "2313"]
[BlackElo "2520"]
[PlyCount "74"]
[EventDate "2015.12.20"]
[EventType "swiss"]
[EventRounds "9"]
[EventCountry "QAT"]
[Source "lmi"]
[SourceDate "2015.12.20"]

1. e4 c6 2. d4 d5 3. e5 Bf5 4. Nd2 e6 5. Ngf3 Nd7 6. Nb3 Ne7 7. Be2 h6 8. O-O
Bh7 9. Bd2 g5 10. c4 Bg7 11. Rc1 O-O 12. Na5 b6 13. Nb7 Qb8 14. Nd6 f6 15. cxd5
exd5 16. Qb3 fxe5 17. Rxc6 Kh8 18. Rfc1 Nxc6 19. Rxc6 exd4 20. Qxd5 Bg8 21. Qe4
Nc5 22. Qg4 d3 23. Bf1 Qd8 24. b4 Qd7 25. Qxd7 Nxd7 26. Bxd3 Rxf3 27. gxf3 Ne5
28. Be4 Nxc6 29. Bxc6 Rd8 30. Ne4 Bxa2 31. Be3 Bd5 32. Ba4 Bxe4 33. fxe4 Bd4
34. Bc1 Rf8 35. Kg2 Rxf2+ 36. Kg3 Ra2 37. Bd7 Rc2 0-1

[Event "Qatar Masters Open 2015"]
[Site "Doha QAT"]
[Date "2015.12.20"]
[Round "1.64"]
[White "Piasetski, Leon"]
[Black "Sundararajan, Kidambi"]
[Result "0-1"]
[WhiteElo "2287"]
[BlackElo "2513"]
[PlyCount "112"]
[EventDate "2015.12.20"]
[EventType "swiss"]
[EventRounds "9"]
[EventCountry "QAT"]
[Source "lmi"]
[SourceDate "2015.12.20"]

1. Nf3 Nf6 2. c4 c6 3. Nc3 d5 4. e3 a6 5. b3 Bf5 6. Bb2 e6 7. d4 Bd6 8. Bd3 Bg6
9. Qc2 Nbd7 10. O-O O-O 11. Bxg6 hxg6 12. e4 dxe4 13. Nxe4 Nxe4 14. Qxe4 Nf6
15. Qe2 a5 16. a3 Qe7 17. Ne5 Rfd8 18. Nd3 Qc7 19. g3 Be7 20. Ne5 c5 21. dxc5
Bxc5 22. Rfd1 Ra6 23. Rxd8+ Qxd8 24. Rd1 Rd6 25. Rxd6 Qxd6 26. Qd3 Bxa3 27.
Bxa3 Qxe5 28. Qd8+ Kh7 29. Qd1 Ne4 30. Qe2 Qa1+ 31. Kg2 Nxg3 32. hxg3 Qxa3 33.
Qf3 Qe7 34. Qf4 f6 35. Qd4 Qc7 36. c5 Qc6+ 37. f3 Qb5 38. Qe3 e5 39. Kf2 Kg8
40. f4 Qd7 41. fxe5 Qf5+ 42. Kg2 Qxe5 43. Qf3 Qxc5 44. Qxb7 Kh7 45. Kf1 Qc1+
46. Kf2 Qb2+ 47. Kf1 Qb1+ 48. Kf2 Qf5+ 49. Ke3 g5 50. Qf7 g4 51. Kd4 Qe5+ 52.
Kc4 Kh6 53. Qa7 Qe4+ 54. Kc3 Qe1+ 55. Kc2 Kg6 56. Qa8 Qf2+ 0-1

[Event "Qatar Masters Open 2015"]
[Site "Doha QAT"]
[Date "2015.12.20"]
[Round "1.65"]
[White "Schroeder, Jan-Christian"]
[Black "Bartel, Marta"]
[Result "1/2-1/2"]
[WhiteElo "2511"]
[BlackElo "2271"]
[PlyCount "100"]
[EventDate "2015.12.20"]
[EventType "swiss"]
[EventRounds "9"]
[EventCountry "QAT"]
[Source "lmi"]
[SourceDate "2015.12.20"]

1. e4 c5 2. Nf3 d6 3. d4 cxd4 4. Nxd4 Nf6 5. Nc3 Nc6 6. Bg5 Qb6 7. Be3 a6 8.
Nb3 Qd8 9. Be2 e6 10. a4 Na5 11. Nxa5 Qxa5 12. O-O Be7 13. Qd2 Bd7 14. Rfd1 Rc8
15. f3 Qc7 16. a5 Bc6 17. Bd4 O-O 18. Qe3 Nd7 19. Kh1 h6 20. Bd3 Bf6 21. Bxf6
Nxf6 22. Ne2 e5 23. c4 Bd7 24. b3 Be6 25. Nc3 Nd7 26. Bc2 Nb8 27. Qd2 Rfd8 28.
Nd5 Bxd5 29. exd5 Nd7 30. Rac1 Rb8 31. b4 b6 32. axb6 Qxb6 33. Rb1 Qc7 34. Bd3
a5 35. bxa5 Nc5 36. Bc2 Ra8 37. Rb5 Ra6 38. Qb4 Rda8 39. Rb1 g6 40. Rb8+ Kg7
41. Rxa8 Rxa8 42. Qb6 Qxb6 43. axb6 Rb8 44. Kg1 Kf6 45. Kf2 Ke7 46. h4 Nd7 47.
Ba4 Rxb6 48. Bb5 Nc5 49. Ra1 Rb7 50. Ra3 Kf6 1/2-1/2

[Event "Qatar Masters Open 2015"]
[Site "Doha QAT"]
[Date "2015.12.20"]
[Round "1.66"]
[White "Pratyusha, Bodda"]
[Black "Yuffa, Daniil"]
[Result "0-1"]
[WhiteElo "2260"]
[BlackElo "2504"]
[PlyCount "58"]
[EventDate "2015.12.20"]
[EventType "swiss"]
[EventRounds "9"]
[EventCountry "QAT"]
[Source "lmi"]
[SourceDate "2015.12.20"]

1. d4 Nf6 2. c4 g6 3. Nc3 Bg7 4. e4 d6 5. Be2 O-O 6. Be3 e5 7. d5 a5 8. g4 c6
9. h4 cxd5 10. cxd5 Na6 11. h5 Nc5 12. Bf3 b5 13. a3 Bd7 14. g5 Ne8 15. Bg4 b4
16. Bxd7 bxc3 17. Bxe8 cxb2 18. Bxf7+ Rxf7 19. Rb1 Rb8 20. hxg6 hxg6 21. Nf3
Qc8 22. Nh4 Nxe4 23. Nxg6 Qc3+ 24. Ke2 Nxf2 25. Ne7+ Kf8 26. Ng6+ Ke8 27. Qa4+
Kd8 28. Nf4 exf4 29. Bxf2 f3+ 0-1